Jihad on two fronts : (Record no. 15029)
[ view plain ]
| 000 -LEADER | |
|---|---|
| fixed length control field | 02110nam a2200265 a 4500 |
| 001 - CONTROL NUMBER | |
| control field | ASIN935029169X |
| 003 - CONTROL NUMBER IDENTIFIER | |
| control field | OSt |
| 005 - DATE AND TIME OF LATEST TRANSACTION | |
| control field | 20170105102909.0 |
| 008 - FIXED-LENGTH DATA ELEMENTS--GENERAL INFORMATION | |
| fixed length control field | 131025s2011 xxu eng d |
| 020 ## - INTERNATIONAL STANDARD BOOK NUMBER | |
| International Standard Book Number | 935029169X (hardcover) |
| Terms of availability | $59.99 |
| 020 ## - INTERNATIONAL STANDARD BOOK NUMBER | |
| International Standard Book Number | 9789350291696 (hardcover) |
| 040 ## - CATALOGING SOURCE | |
| Original cataloging agency | A |
| 050 04 - LIBRARY OF CONGRESS CALL NUMBER | |
| Classification number | BP63.A37 |
| 082 04 - DEWEY DECIMAL CLASSIFICATION NUMBER | |
| Classification number | 320.557 |
| Author Mark | HIR 2011 |
| 100 1# - MAIN ENTRY--PERSONAL NAME | |
| Personal name | Hiro, Dilip. |
| 245 10 - TITLE STATEMENT | |
| Title | Jihad on two fronts : |
| Remainder of title | south asia's unfolding drama / |
| Statement of responsibility, etc. | Dilip Hiro. |
| 260 ## - PUBLICATION, DISTRIBUTION, ETC. | |
| Place of publication, distribution, etc. | [S.l.] : |
| Name of publisher, distributor, etc. | Harper Collins, |
| Date of publication, distribution, etc. | 2011. |
| 300 ## - PHYSICAL DESCRIPTION | |
| Extent | 448 p. ; |
| Dimensions | 23 cm. |
| 520 ## - SUMMARY, ETC. | |
| Summary, etc. | Since the partition of India in 1947, the history of the Indian subcontinent has been hostage to endless conflicts between India, Pakistan and Afghanistan. Over the last decade and more, the region has borne the brunt of terrorist violence perpetrated by fundamentalist Islamic groups which originated and thrived in Afghanistan as a counterforce to the large presence of Soviet troops in the 1980s. Jihadists from Pakistan, assisted by the newly formed Al Qaida, have focused on liberating Kashmir from India, leading to a backlash in India. The overarching aim of jihadist organizations in South Asia is to escalate tensions between Pakistan and India, raising the prospect of nuclear conflagration between the two nations. The Line of Control in Kashmir is the most dangerous border in the world and will remain so until and unless the jihadist movement in the region is defeated. So it is imperative to understand the complicated equation involving Afghanistan, Pakistan and India. Jihad on Two Fronts attempts to do just that. With his extraordinary understanding of the region and of all the players in the complex matrix, Dilip Hiro shows how the interrelated jihadist movement in Afghanistan and Pakistan have affected India and how the scenario poses a serious threat to the more than 1.5 billion people who inhabit the region. |
| 650 #0 - SUBJECT ADDED ENTRY--TOPICAL TERM | |
| Topical term or geographic name entry element | Islam and politics |
| 650 #0 - SUBJECT ADDED ENTRY--TOPICAL TERM | |
| Topical term or geographic name entry element | Islamic fundamentalism |
| 650 #0 - SUBJECT ADDED ENTRY--TOPICAL TERM | |
| Topical term or geographic name entry element | South Asia |
| 856 40 - ELECTRONIC LOCATION AND ACCESS | |
| Materials specified | Amazon.com |
| Uniform Resource Identifier | <a href="http://www.amazon.com/exec/obidos/ASIN/935029169X/chopaconline-20">http://www.amazon.com/exec/obidos/ASIN/935029169X/chopaconline-20</a> |
| 942 ## - ADDED ENTRY ELEMENTS (KOHA) | |
| Source of classification or shelving scheme | |
| Koha item type | Book |
| Withdrawn status | Lost status | Damaged status | Not for loan | Collection code | Permanent Location | Current Location | Shelving location | Date acquired | Total Checkouts | Full call number | Barcode | Date last seen | Price effective from | Koha item type |
|---|---|---|---|---|---|---|---|---|---|---|---|---|---|---|
| Centre for International Peace & Stability (CIPS) | Centre for International Peace & Stability (CIPS) | General Stacks | 10/01/2013 | 320.557 HIR 2011 | CIPS0001348 | 10/25/2013 | 10/25/2013 | Book |
